000 01199nam a2200469 a 4500
003 AR-BaBNM
005 20251128205125.0
008 082120s2002 ||||||||||||||000 | spa||
020 _a950-21-1182-6
040 _cAR-BaBNM
100 1 _aYgobone, Aquiles D.
245 0 0 _aFrancisco P. Moreno
_barquetipo de argentinidad
250 _a2ª ed.
260 _aBuenos Aires
_bPlus Ultra
_c1995
300 _a414 p.
490 0 _aLos argentinos
_vv. 9
504 _aContiene bibliografía en p. 401-414
650 4 _aVIAJES
650 4 _aSIGLO DIECINUEVE
650 4 _aCOLONIZACION
650 4 _aPOBLACIONES ABORIGENES
650 4 _aDESIERTOS
650 4 _aFRONTERAS
650 4 _aEXPEDICIONES CIENTIFICAS
650 4 _aHABITAT
650 4 _aCOSTUMBRES Y TRADICIONES
650 4 _aCLIMA
650 4 _aFAUNA
650 4 _aFLORA
650 4 _aSUELOS
650 4 _aHISTORIA PATAGONICA
650 4 _aGEOGRAFIA HISTORICA
650 4 _aGEOGRAFIA FISICA
650 4 _aGEOGRAFIA HUMANA
650 4 _aBIOGRAFIAS
650 4 _aANTROPOLOGIA CULTURAL Y SOCIAL
651 4 _aPatagonia
651 4 _aArgentina
655 _aBIOGRAFIAS
942 _cBK
998 _cisola
999 _c10083
_d10083